000 00653nam a2200241Ia 4500
003 OSt
005 20221007064759.0
006 a|||||r|||| 00| 0
007 ta
008 221006b |||||||| |||| 00| 0 eng d
024 _a27,750
037 _cTextual
040 _aFLL
_cFLL
_beng
041 _2eng
_aeng
082 _aV2:2:9Zy7, J1
100 _aAggarawala Om Prakash
245 0 _aCases on the constitution of India
250 _a1st
260 _aDelhi
_bMetropolitan Book Co. Pvt. Ltd. India
_c1951
300 _axi,276p
_ccm.
942 _hV2:2:9Zy7, J1
_cTEXL
_2CC
999 _c1135325
_d1135325